| 000 | 00950cam a2200277 a 4500 | ||
|---|---|---|---|
| 001 | 3505137 | ||
| 003 | Ke-BoTe | ||
| 005 | 20220516090358.0 | ||
| 008 | 950406s1996 caua b 001 0 eng | ||
| 010 | _a 95015016 | ||
| 020 | _a0534339034 (acidfree paper) | ||
| 040 |
_aDLC _cDLC _dDLC |
||
| 050 | 0 | 0 |
_aBF721 _b.T456 1996 |
| 082 | 0 | 0 |
_a155.4/01 _220 |
| 100 | 1 |
_aThomas, R. Murray _q(Robert Murray), _d1921- _95450 |
|
| 245 | 1 | 0 |
_aComparing theories of child development / _cR. Murray Thomas. |
| 250 | _a4th ed. | ||
| 260 |
_aPacific Grove : _bBrooks/Cole Pub. Co., _cc1996. |
||
| 300 |
_axvi, 537 p. : _bill. ; _c25 cm. |
||
| 504 | _aIncludes bibliographical references (p. 501-520) and indexes. | ||
| 650 | 0 |
_aChild psychology. _9127 |
|
| 650 | 0 |
_aChild development. _92655 |
|
| 906 |
_a7 _bcbc _corignew _d1 _eocip _f19 _gy-gencatlg |
||
| 942 |
_2lcc _cBK _n0 |
||
| 999 |
_c2670 _d2670 |
||